00430nam a2200121Ia 4500003000400000005001700004008004100021040001800062041000800080100004900088245013800137260003300275OSt20260120110016.0211028s2014 xx 000 0 und d cAIMIT LIBRARY aeng aPinto, Daphne Ruweena;Thomas, Babu.g1216026 aStudy on the consumer behavior of nandini butermilk in Mangalore city at Dakshina Kannada co operative milk producers union limited / aMangalorebBabu Thomasc2014